A proclamation against the vnreuere[n]t disputers and talkers of the sacramente of the body and blood of Christ : commonly called the sacrament of the aultar, set furth by the Kynges Maiestie, with thassente and co[n]sent of his most deere vncle, Edwarde Duke of Somerset, gouernour of his moste royall person, and of hys realmes, dominio[n]s and subiectes protector, and other of hys highnes most honorable pryuey counsaill, the .xxvii. daye of Decembre, in the first yeare of his Maiesties most gratious reigne.

Bibliographic Details
Corporate Author: England and Wales. Sovereign (1547-1553 : Edward VI)
Format: eBook
Language:English
Published: Excusum Londini : In ædibus Richardi Graftoni regij impressoris. Cum privilegio ad imprimendum solum, [1547]
Series:Early English books online.
Subjects:
Online Access:Connect to the full text of this electronic book
Connect to the full text of this electronic book

MARC

Tag First Indicator Second Indicator Subfields
LEADER 00000nam a2200000 4500
001 in00004226413
005 20200806100806.0
006 m g d
007 cr bn |||a|bb|
008 910916s1547 enk o o00| | eng d
035 |a (UnM)99844980 
037 |a CL0036000001  |b ProQuest. 789 E. Eisenhower Parkway, Ann Arbor, MI 48108-3218 
037 |a CL0036000005  |b ProQuest. 789 E. Eisenhower Parkway, Ann Arbor, MI 48108-3218 
040 |a Cu-RivES  |c Cu-RivES  |d CStRLIN  |e dcrb  |d WaOLN 
110 1 |a England and Wales.  |b Sovereign (1547-1553 : Edward VI) 
240 1 0 |a Proclamations. 1547-12-27 
245 1 2 |a A proclamation against the vnreuere[n]t disputers and talkers of the sacramente of the body and blood of Christ :  |b commonly called the sacrament of the aultar, set furth by the Kynges Maiestie, with thassente and co[n]sent of his most deere vncle, Edwarde Duke of Somerset, gouernour of his moste royall person, and of hys realmes, dominio[n]s and subiectes protector, and other of hys highnes most honorable pryuey counsaill, the .xxvii. daye of Decembre, in the first yeare of his Maiesties most gratious reigne. 
246 2 |a Proclamations. 1547-12-27. 
246 2 |a Proclamation against the unreverent disputers and talkers of the sacramente of the body and blood of Christ. 
260 |a Excusum Londini :  |b In ædibus Richardi Graftoni regij impressoris. Cum privilegio ad imprimendum solum,  |c [1547] 
300 |a 1 online resource (2 leaves 
336 |a text  |b txt  |2 rdacontent 
337 |a computer  |b c  |2 rdamedia 
338 |a online resource  |b cr  |2 rdacarrier 
500 |a Publication date from STC. 
500 |a Recites Act of 1 Edward VI against revilers of the Sacrament--Steele. 
500 |a First leaf only filmed on reel 10. 
500 |a Reproduction of the original in the Society of Antiquaries. 
500 |a Appears at reels 10 and 152 (Society of Antiquaries copy). 
510 4 |a STC (2nd edition)  |c 7812. 
510 3 |a Steele, R. Tudor and Stuart proclamations, 312. 
533 |a Electronic reproduction.  |b Ann Arbor, Mich. :  |c UMI,  |d 1999-  |f (Early English books online)  |n Digital version of: (Early English books, 1475-1640 ; 10:24, 152:14)  |7 s1999 miun s 
610 2 0 |a Church of England  |x Doctrines  |v Early works to 1800. 
650 0 |a Lord's Supper  |x Church of England  |v Early works to 1800. 
651 4 |a Great Britain  |x History  |y Edward VI, 1547-1553  |v Early works to 1800. 
830 0 |a Early English books online. 
856 4 0 |u http://proxy.library.tamu.edu/login?url=https://search.proquest.com/docview/2248519932  |z Connect to the full text of this electronic book  |t 0 
856 4 0 |u http://proxy.library.tamu.edu/login?url=https://search.proquest.com/docview/2248511208  |z Connect to the full text of this electronic book  |t 0 
999 f f |s f40d56f5-a642-352e-85d3-97f2dea50cfb  |i 4e8eb230-ec08-3ecf-bbc9-614ac2fe4bea  |t 0 
952 f f |a Texas A&M University  |b College Station  |c Electronic Resources  |d Available Online  |t 0  |h No information provided 
998 f f |t 0  |l Available Online